000 00624nam a22002177a 4500
003 UA-OsUOA
001 72219
007 ta
008 20101230b un ||||| |||| 00| 0 ukr d
100 _aДроздова Л.
090 _a330(477)
_bД75
942 _cSA
040 _aUA-OsUOA
_bukr
_cUA-OsUOA
_dUA-OsUOA
245 _aШляхи подолання абсолютної бідності в Україні
300 _aС.3-8
955 _a0
041 _aukr
080 _a330(477)
773 0 _w72218
_tУкраїна: аспекти праці
_dК.
_d2010
_g8
650 7 _a330 Економіка взагалі
_2UDC
999 _c358502
_d358502